| 000 | 00940nam a2200217 i 4500 | ||
|---|---|---|---|
| 001 | 167709 | ||
| 003 | ES-MaACL | ||
| 005 | 20250808084938.0 | ||
| 008 | 980811s1889 sp |||| | spa d | ||
| 100 | 1 |
_aViso, Salvador del. _9133797 |
|
| 245 | 1 | 0 | _aLecciones elementales de derecho civil, que con arreglo al programa de enseñanza, compuso el Dr. Salvador del Viso. |
| 250 |
_a6ª ed. rev. y arreglada al nuevo Código civil y legislación vigente _bpor Salvador Salom y Puig. |
||
| 260 |
_aValencia : _bLibrería de Ramón Ortega, _c1889 ( _fImp. de José Ortega) |
||
| 300 |
_a3 t. en 2 v. ; _c22 cm. |
||
| 490 | 1 | _aLecciones elementales de historia y de derecho civil | |
| 650 | 0 | 4 |
_aDerecho civil- _zEspaña _911659 |
| 700 | 1 |
_aSalom y Puig, Salvador. _9132344 |
|
| 830 | 1 |
_aLecciones elementales de historia y de derecho civil _9222637 |
|
| 852 |
_aES-MaACL _jG-14823-24 _z- Enc. pasta |
||
| 999 |
_c167709 _d167709 |
||